|
|
|
|
| LEADER |
01402nam a2200373Ia 4500 |
| 001 |
EBC3007579 |
| 003 |
MiAaPQ |
| 005 |
20200520144314.0 |
| 006 |
m o d | |
| 007 |
cr cn||||||||| |
| 008 |
030306s2003 ncu sb 000 0 eng d |
| 010 |
|
|
|z 2003046010
|
| 020 |
|
|
|z 9781932973266
|
| 020 |
|
|
|z 1882197755 (pbk.)
|
| 020 |
|
|
|z 9781882197750 (pbk.)
|
| 035 |
|
|
|a (MiAaPQ)EBC3007579
|
| 035 |
|
|
|a (Au-PeEL)EBL3007579
|
| 035 |
|
|
|a (CaPaEBR)ebr10185391
|
| 035 |
|
|
|a (CaONFJC)MIL100132
|
| 035 |
|
|
|a (OCoLC)468774584
|
| 040 |
|
|
|a MiAaPQ
|c MiAaPQ
|d MiAaPQ
|
| 050 |
|
4 |
|a HD57.7
|b .K547 2003
|
| 082 |
0 |
4 |
|a 658.4/092
|2 21
|
| 100 |
1 |
|
|a Klann, Gene.
|
| 245 |
1 |
0 |
|a Crisis leadership
|h [electronic resource] :
|b using military lessons, organizational experiences, and the power of influence3 to lessen the impact of chaos on the people you lead /
|c Gene Klan.
|
| 260 |
|
|
|a Greensboro, NC :
|b Center for Creative Leadership,
|c c2003.
|
| 300 |
|
|
|a xi, 85 p.
|
| 504 |
|
|
|a Includes bibliographical references.
|
| 533 |
|
|
|a Electronic reproduction. Ann Arbor, MI : ProQuest, 2015. Available via World Wide Web. Access may be limited to ProQuest affiliated libraries.
|
| 650 |
|
0 |
|a Crisis management.
|
| 650 |
|
0 |
|a Leadership.
|
| 655 |
|
4 |
|a Electronic books.
|
| 710 |
2 |
|
|a ProQuest (Firm)
|
| 856 |
4 |
0 |
|u https://ebookcentral.proquest.com/lib/matrademy/detail.action?docID=3007579
|z Click to View
|